| 000 | 00852nam a22002057a 4500 | ||
|---|---|---|---|
| 999 |
_c4617 _d4617 |
||
| 001 | 12465 | ||
| 003 | BD-DhUAP | ||
| 005 | 20201115151202.0 | ||
| 008 | 201115s2007 bg |||| |||| 000 0 ben d | ||
| 020 | _a98484660011 | ||
| 040 |
_aBD-DhUAP _bBen _cBD-DhUAP _dBD-DhUAP |
||
| 082 |
_223 _a343.4107 MIA |
||
| 100 | _aমিয়া, ছিদিকুর রহমান। | ||
| 245 |
_aইমারত নির্মাণ আইন ও বিধিইমারত নির্মাণ আইন ও বিধি / _cছিদিকুর রহমান মিয়া। |
||
| 250 | _a৩য় সং.। | ||
| 260 |
_aঢাকা : _bনিউ ওয়ার্সী বুক কর্পোরেশন, _cc২০০৭। |
||
| 300 |
_a২২৩ পৃষ্ঠা ; _c২২ সেমি.। |
||
| 650 | _aBuilding laws. | ||
| 942 |
_2ddc _cBK |
||